000
00223nam a22000857a 4500
008
221213b |||||||| |||| 00| 0 eng d
020
_a
9780241437865
100
_a
Kinney Jeff
_9
7570
245
_a
Diary of a Wimpy Kid (The Gateway)
999
_c
12209
_d
12209